000 00644nam a2200277Ia 4500
005 20260324141047.0
008 008 260324s9999 xx 000 0 eng d
020 _a9780203435465
037 _aEBOOK
040 _aCRL
040 _beng
040 _cCRL
041 _2eng
041 _aeng
084 _qCRL
100 _aRichard M. Siddle
_91206777
245 0 _aRace, Resistance and the Ainu of Japan
260 _bTaylor and Francis
260 _c1997
365 _a
365 _b240
856 _uhttp://www.taylorfrancis.com/books/9780203435465
942 _cEBOOK
999 _c1809462
_d1809462